| 000 | 01660nam a22002057a 4500 | ||
|---|---|---|---|
| 999 |
_c58585 _d58585 |
||
| 003 | Ge_BSU | ||
| 005 | 20220607135905.0 | ||
| 008 | 220607s2021 ge ||||| |||| 00| 0 geo d | ||
| 020 | _a9789941330858 | ||
| 041 | _ageo | ||
| 080 | _a2-001 რ-40 | ||
| 245 |
_aრელიგია და მეცნიერება : _bდიალოგი, კონფლიქტი თუ იზოლაცია / _cშემდგენელი გიორგი თავაძე; რედაქტორი მანანა სანაია, ყდის დიზაინი გიორგი ბაგრატიონი; აღმოსავლეთ ევროპის უნივერსიტეტი. ვარლამ ჩერქეზიშვილის სახელობის ინტერდისციპლინური კვლევების ცენტრი. |
||
| 264 |
_aთბილისი : _bუნივერსალი, _c2021. |
||
| 300 |
_a159 გვ.: _bსურ.; _c21 სმ. |
||
| 700 |
_aთავაძე, გიორგი _eშემდგენელი _92230 |
||
| 700 |
_aსანაია, მანანა _eრედაქტორი _914004 |
||
| 700 |
_aბაგრატიონი, გიორგი _eყდის დიზაინი _914005 |
||
| 710 |
_aაღმოსავლეთ ევროპის უნივერსიტეტი. _bვარლამ ჩერქეზიშვილის სახელობის ინტერდისციპლინური კვლევების ცენტრი. _914006 |
||
| 942 |
_2udc _cBK |
||